中學生晨讀10分鐘 : 挑戰極限探險故事
| 資料類型: | 圖書 | 書目號: | 51121 |
Leader xxxxxxxxxx 001 __ 102469/3/01 005 __ 20170410105902.469 010 0_ |a9789862413722|b平裝|d新臺幣280元 100 __ |a20170410d2011 d y0chiy50 b 101 0_ |achi 102 __ |atw 105 __ |aac z 000fd 200 1_ |a中學生晨讀10分鐘|e挑戰極限探險故事|f劉克襄,徐仁修,三毛,黃美秀等著|g劉克襄選編. 205 __ |a第一版 210 __ |a臺北市|c天下雜誌|d2011[民100] 225 12 |a晨讀10分鐘系列|v15 517 1_ |a挑戰極限探險故事|zchi 517 1_ |a中學生晨讀十鐘|zchi 700 _1 |a劉|b克襄|4等著 681 __ |a859.7|b8756 801 _0 |atw|bLibDipper|c20170410|gCCR |